| 000 | 00744nam a2200229Ia 4500 | ||
|---|---|---|---|
| 003 | GCL | ||
| 008 | 140319s9999 xx 000 0 ara d | ||
| 040 |
_aGCL / _cGCL |
||
| 082 | 0 | 4 |
_a414.3 _bم م |
| 100 | 1 | _aمحمد فتيح | |
| 245 | 1 | 0 |
_aمفهوم المجاز ومجاز القران لابى عبيدة: دراسة فى ضوء جهود نجاة الحالة والنجاة التحويلية / _cمحمد فتيح |
| 260 |
_a[S.N] : _bدار الفكر العربى ، _c1989 |
||
| 300 | _a37 ص | ||
| 490 | _a | ||
| 650 | 0 | 4 | _aاللغة العربية |
| 650 | 0 | 4 | _aالبلاغة العربية |
| 650 | 0 | 4 | _aالبلاغة |
| 650 | 0 | 4 | _aالفاظ |
| 650 | 0 | 4 | _aالبيان |
| 650 | 0 | 4 | _aالقران |
| 942 |
_2ddc _cBK |
||
| 999 |
_c32306 _d32306 |
||